Thành công được xây dựng bằng những thất bại /

Enregistré dans:
Détails bibliographiques
Auteur principal: Lê Dân
Format: Article
Langue:Vietnamese
Sujets:
Tags: Ajouter un tag
Pas de tags, Soyez le premier à ajouter un tag!
Thư viện lưu trữ: Thư viện Trường Đại học Đà Lạt
LEADER 00729nam a2200277 4500
001 DLU060053772
040 # # |a DLU  |b vie 
041 # # |a vie 
044 # # |a vn 
100 # # |a Lê Dân 
245 # # |a Thành công được xây dựng bằng những thất bại /  |c Lê Dân 
653 # # |a Hãng phim 
653 # # |a Phim hoạt hình 
653 # # |a Walt Disney 
773 # # |t Nhà quản lý  |g Số 3, 2003, tr.34-35 
920 # # |a Phòng Tạp chí -- Trung tâm Thông tin - Thư viện Trường Đại học Đà Lạt 
933 # # |a CT, TN 
994 # # |a DLU 
900 # # |a True 
911 # # |a Nguyễn Thị Yên 
925 # # |a G 
926 # # |a A 
927 # # |a BB 
980 # # |a Thư viện Trường Đại học Đà Lạt